000 01224nam a2200301Ia 4500
001 ebr10278576
003 CaPaEBR
006 m u
007 cr cn|||||||||
008 901107s2009 nyua sb 001 0 eng d
020 _z9780199552757
040 _aCaPaEBR
_cCaPaEBR
035 _a(OCoLC)646799799
050 1 4 _aQH212.T7
_bS68 2009eb
100 1 _aSpence, John C. H.
245 1 0 _aHigh-resolution electron microscopy
_h[electronic resource] /
_cJohn C.H. Spence.
260 _aNew York :
_bOxford University Press,
_c2009.
300 _axvii, 401, [4] p. :
_bill.
490 1 _aMonographs on the physics and chemistry of materials
504 _aIncludes bibliographies and index.
533 _aElectronic reproduction.
_bPalo Alto, Calif. :
_cebrary,
_d2011.
_nAvailable via World Wide Web.
_nAccess may be limited to ebrary affiliated libraries.
650 0 _aTransmission electron microscopes.
650 0 _aElectron microscopy.
655 7 _aElectronic books.
_2local
710 2 _aebrary, Inc.
830 0 _aMonographs on the physics and chemistry of materials.
856 4 0 _uhttp://site.ebrary.com/lib/rucke/Doc?id=10278576
_zAn electronic book accessible through the World Wide Web; click to view
999 _c5036
_d5036